Macroeconomics (Record no. 11941)

MARC details
000 -LEADER
fixed length control field 00506nam a22001937a 4500
003 - CONTROL NUMBER IDENTIFIER
control field mut
005 - DATE AND TIME OF LATEST TRANSACTION
control field 20240606081212.0
008 - FIXED-LENGTH DATA ELEMENTS--GENERAL INFORMATION
fixed length control field 170920b xxu||||| |||| 00| 0 eng d
020 ## - INTERNATIONAL STANDARD BOOK NUMBER
International Standard Book Number 0673983609
040 ## - CATALOGING SOURCE
Transcribing agency mut
050 ## - LIBRARY OF CONGRESS CALL NUMBER
Classification number HB172.5
Item number .L734 1997
100 ## - MAIN ENTRY--PERSONAL NAME
Personal name Lipsey, Richard G.
245 ## - TITLE STATEMENT
Title Macroeconomics
260 ## - PUBLICATION, DISTRIBUTION, ETC.
Place of publication, distribution, etc. Don Mills, Ontario
Name of publisher, distributor, etc. Addison-Wesley Publishers Ltd.
Date of publication, distribution, etc. 1997
651 ## - SUBJECT ADDED ENTRY--GEOGRAPHIC NAME
Geographic name Macroeconomics.
700 ## - ADDED ENTRY--PERSONAL NAME
Personal name Ragan, Christopher T. S.
700 ## - ADDED ENTRY--PERSONAL NAME
Personal name Courant, Paul N.
942 ## - ADDED ENTRY ELEMENTS (KOHA)
Source of classification or shelving scheme Library of Congress Classification
Koha item type Books
Holdings
Withdrawn status Lost status Source of classification or shelving scheme Damaged status Not for loan Home library Current library Shelving location Date acquired Source of acquisition Total checkouts Full call number Barcode Date last seen Price effective from Koha item type
    Library of Congress Classification     Murang'a University of Technology Library Murang'a University of Technology Library General stacks 20/09/2017 Donation-TFC   HB172.5 .L734 1997 014615 30/08/2024 20/09/2017 Books
    Library of Congress Classification     Murang'a University of Technology Library Murang'a University of Technology Library General stacks 06/10/2017 Donation-TFC   HB172.5 .L734 1997 013871 30/08/2024 06/10/2017 Books
    Library of Congress Classification     Murang'a University of Technology Library Murang'a University of Technology Library General stacks 13/02/2019 Donation-TFC   HB 172.5 .L734 1997 024835 30/08/2024 13/02/2019 Books